000 00656cab a22002295a 4500
001 L154448
008 111206e20111021xxk 000 0 eng d
035 _a(Sirsi) u154448
041 0 _aeng
100 1 _aGreeman, Adrian
245 0 0 _aBIM is the word
260 _c2011
490 _aNew Civil Engineer
_v1 December 2011, 18-22(3)
520 _aBIM is the industry buzzword this year; looks at what the term actually means and projects that are embracing it.
590 _aKA
650 _aBIM
_96219
650 2 4 _aBUILDING INFORMATION MODELLING
651 4 _aUnited Kingdom
_y
651 4 _aInternational
690 _aBIM
_96219
942 _n0
999 _c83623
_d83623